[Event "ITA-ch U20"]
[Site "Tarvisio"]
[Date "2023.07.06"]
[Round "6"]
[White "Lacambra, Gem Elijah"]
[Black "Serloni, Ludovico"]
[Result "1/2-1/2"]
[WhiteElo "1837"]
[BlackElo "2027"]
[PlyCount "78"]
[EventDate "2023.07.02"]
[EventType "swiss"]
[EventRounds "9"]
[EventCountry "ITA"]
[SourceTitle "EXT 2024"]
[Source "ChessBase"]
[SourceDate "2023.10.10"]
[SourceVersion "1"]
[SourceVersionDate "2023.10.10"]
[SourceQuality "1"]

1. Nf3 Nf6 2. c4 g6 3. Nc3 Bg7 4. g3 0-0 5. Bg2 d6 6. 0-0 Nc6 7. d3 a6 8. Bd2 Rb8 9. a3 b5 10. b4 Bd7 11. Rc1 bxc4 12. dxc4 Na7 13. Be3 Nc8 14. h3 Nb6 15. Nd2 Be6 16. c5 Nbd5 17. Bd4 Nxc3 18. Rxc3 Qd7 19. g4 Nd5 20. Bxg7 Kxg7 21. Bxd5 Bxd5 22. Nc4 Be6 23. Qd4+ Kg8 24. Rd1 Qb5 25. Rd2 Bxc4 26. Qxc4 a5 27. Qxb5 Rxb5 28. cxd6 cxd6 29. bxa5 Rxa5 30. Rb2 Rfa8 31. Rb7 Rxa3 32. Rxa3 Rxa3 33. Rxe7 Rxh3 34. Rd7 Ra3 35. Rxd6 Kg7 36. Kg2 g5 37. f3 Re3 38. Kf2 Re5 39. e3 h6 1/2-1/2

[Event "ITA-ch U20"]
[Site "Tarvisio"]
[Date "2023.07.06"]
[Round "5"]
[White "Messina, Alessandro1111"]
[Black "Lacambra, Gem Elijah"]
[Result "0-1"]
[WhiteElo "1931"]
[BlackElo "1837"]
[PlyCount "82"]
[EventDate "2023.07.02"]
[EventType "swiss"]
[EventRounds "9"]
[EventCountry "ITA"]
[SourceTitle "EXT 2024"]
[Source "ChessBase"]
[SourceDate "2023.10.10"]
[SourceVersion "1"]
[SourceVersionDate "2023.10.10"]
[SourceQuality "1"]

1. e4 c6 2. d4 d5 3. Nc3 dxe4 4. Nxe4 Nf6 5. Nxf6+ exf6 6. Be3 Bd6 7. Bd3 0-0 8. Qd2 Re8 9. Ne2 Nd7 10. h4 Nf8 11. 0-0-0 b5 12. h5 Be6 13. Kb1 Nd7 14. Rdg1 Nb6 15. g4 Nd5 16. Nf4 Nxf4 17. Bxf4 Bd5 18. Rh2 Be4 19. g5 Bxd3 20. Rhg2 Be4 21. Rg4 f5 22. R4g3 Bxf4 23. Qxf4 Qxd4 24. Qc1 Rad8 25. g6 fxg6 26. hxg6 h6 27. f3 Bd5 28. Rh3 Qe3 29. Qf1 Bc4 30. Qc1 Qxc1+ 31. Rxc1 Rd2 32. b3 Bd5 33. f4 Ree2 34. Rc3 Rg2 35. Kb2 Rxg6 36. Re3 Be4 37. Kc3 Rgg2 38. a3 c5 39. b4 Rxc2+ 40. Rxc2 Rxc2+ 41. Kb3 c4# 0-1